A mordvin participiumok és vonatkozó mellékmondatok viszonyáról

Elmentve itt :
Bibliográfiai részletek
Szerző: Vecsernyés Ildikó
Dokumentumtípus: Könyv része
Megjelent: JATE Finnugor Tanszék Szeged 1996
Sorozat:Ünnepi könyv Mikola Tibor tiszteletére
Kulcsszavak:Mordvin nyelv
Tárgyszavak:
Online Access:http://acta.bibl.u-szeged.hu/86355
LEADER 00773naa a2200205 i 4500
001 acta86355
005 20250205135327.0
008 250205s1996 hu o 000 hun d
020 |a 963 482 099 9 
040 |a SZTE Egyetemi Kiadványok Repozitórium  |b hun 
041 |a hun 
100 1 |a Vecsernyés Ildikó 
245 1 2 |a A mordvin participiumok és vonatkozó mellékmondatok viszonyáról  |h [elektronikus dokumentum] /  |c  Vecsernyés Ildikó 
260 |a JATE Finnugor Tanszék  |b Szeged  |c 1996 
300 |a 287-289 
490 0 |a Ünnepi könyv Mikola Tibor tiszteletére 
650 4 |a Bölcsészettudományok 
650 4 |a Nyelvek és irodalom 
695 |a Mordvin nyelv 
856 4 0 |u http://acta.bibl.u-szeged.hu/86355/1/1996_mikola_tibor_unnepi_konyv_287-289.pdf  |z Dokumentum-elérés